00662nam a2200181 i 450000100060000000300090000600500170001500700030003200800410003510000250007624501210010126000480022230000280027070000240029885200210032299900170034395201200036081450ES-MaACL20230906174435.0t|041104s1928 fr ||||1| fre d1 aHugounenq, L.96463410aPrincipes de pharmacodynamie b: constitutions chimiques : profictes physiologiques / cL. Hugounenq et G. Florence. aParis : bMasson, c1928 (fLaval Barneoud) aVIII, 390 p. ; c25 cm.1 aFlorence, G.951242 aES-MaACLjA-2496 c81450d81450 00104070aATENEOMbATENEOMcSPP1d2008-01-17eSCl0oA-2496p1085142r2023-02-23 00:00:00w2023-02-23yMONOGRAFIA